| 000 | 00438nam a22001697a 4500 | ||
|---|---|---|---|
| 999 |
_c1954 _d1953 |
||
| 005 | 20211007150210.0 | ||
| 008 | 160527b xxu||||| |||| 00| 0 eng d | ||
| 020 | _a978-0-07-066698-6 | ||
| 041 | _aeng | ||
| 082 | _b5505 | ||
| 100 |
_aSemichi-levi David and others. _93122 |
||
| 245 | _aDesigning and Managing the supply Chain | ||
| 260 |
_aNew Delhi _bAcademic Faundation |
||
| 300 | _a510 | ||
| 650 |
_aManagement _9241 |
||
| 942 | _cBK | ||